Normal view
MARC view
Entry Personal Name
001 - CONTROL NUMBER
- control field: 21656
003 - CONTROL NUMBER IDENTIFIER
- control field: OSt
005 - DATE AND TIME OF LATEST TRANSACTION
- control field: 20211105134605.0
008 - FIXED-LENGTH DATA ELEMENTS
- fixed length control field: 211105|| aca||aabn | a|a d
040 ## - CATALOGING SOURCE
- Original cataloging agency: OSt
- Transcribing agency: OSt
100 ## - HEADING--PERSONAL NAME
- Personal name: Benest, D., ed
670 ## - SOURCE DATA FOUND
- Source citation: Work cat.: (OSt): Workshop in Astronomy and Astrophysics of Chamonix 4th France 1994 Feb. 7-12 21655, Chaos and diffusion in Hamiltonian systems, 1995